| 000 | 00000nam 2200000za 4500 |
| 001 | 9.638603 |
| 003 | CaOODSP |
| 005 | 20220316141149 |
| 007 | cr ||||||||||| |
| 008 | 150407s2011||||xxc|||||o f|0| 0 fre d |
| 020 | |a978-1-100-97014-1 |
| 040 | |aCaOODSP|bfre |
| 043 | |an-cn--- |
| 086 | 1 |aEn14-37/2011F-PDF |
| 245 | 00|aBioTrousse Urbaine - Halifax Regional Municipality |h[ressource électronique]. |
| 260 | |a[Ottawa] : |bEnvironnement Canada, |cc2011. |
| 300 | |a2 v. : |bill. |
| 520 | 3 |aLe moyen idéal de vous familiariser avec la surprenante biodiversité qui caractérise la région. Redécouvrez sous un autre angle un parc de votre quartier, et établissez son diagnostic. |
| 590 | |a11-50|b2011-12-16 |
| 691 | 07|aDiversité biologique|2gcpds |
| 691 | 07|aMilieu urbain|2gcpds |
| 710 | 1 |aCanada. |bEnvironnement Canada. |
| 775 | 08|tUrban BioKit - Halifax Regional Municipality |w(CaOODSP)9.694428 |
| 776 | 0#|tBioTrousse Urbaine - Halifax Regional Municipality |w(CaOODSP)9.685240 |
| 794 | |tBiosphère BioTrousse urbaine - Halifax Regional Municipality |w(CaOODSP)9.639874 |
| 856 | 40|zLettre|qPDF|s4500 Ko|uhttps://publications.gc.ca/collections/collection_2011/ec/En14-37-2011-fra.pdf |
| 856 | 40|zLivret|qPDF|s7.29 Mo|uhttps://publications.gc.ca/collections/collection_2017/eccc/En14-37-2011-1-fra.pdf |